1174 1362 1912 1116 1628 1405 1183 1336 1768 1612 1415 1930 1200 1151 1386 1053 1141 1953 1555 1557 1966 1658 1943 1870 1849 1645 1977 1532 1655 1923 1300 1602 1392 1495 1623 1130 1014 1736 1781 1667 1086 1893 1888 1240 1108 1583 1138 1851 1739 1477 1397 1949 1394 1368 1289 1805 1348 1438 1123 1778 1841 1640 1544 1509 1837 1644 1593 1646 1276 1162 1049 1941 1665 1633 1057 1019 1770 1877 1151 1597 1372 1221 1833 1952 1881 1674 1080 1327 1994 1534 1369 1949 1214 1453 1212 1353 1290 1549 1442 BCNSPRNW ULIB Ver.6.0+V

เปลี่ยนเป็นภาษาไทย

Change to English
 แสดงรายละเอียดบรรณานุกรม
  กลับหน้าหลัก

Brief Record : Get Marc (ISO 2709) : E-mail record : QR code < ปิดหน้าต่าง
LEADER : 00000nam 2200000uu 4500
001    13399115043
003     ULIB
008    120705s2548||||th 000 0 tha d
060  4 วจ.WY18^bอ653ค
100 0  อารี สุวรรณโชติ
245 00 ความคิดเห็นและความต้องการการศึกษาต่อเนื่องทางการพยาบาลของพยาบาล โรงพยาบาลสมเด็จพระบรมราชเทวี ศรีราชา จังหวัดชลบุรี
260    ชลบุรี:^bวิทยานิพนธ์ สาขาวิชาการบริหารการพยาบาล ม.บูรพา,^c 2548
945    ^p0^l0^i018231
990    เกษร
999 ^a ศิริพร
รายการนี้ยังไม่มีแท็ก
คุณยังไม่ได้ล็อกอิน คุณสามารถมีกิจกรรมร่วมกับเว็บไซต์ได้ แต่ต้องล็อกอินก่อน ::
  ล็อกอิน

รายการสื่อสารสนเทศ

ลำดับที่ ประเภท เลขเรียก/บาร์โค้ด สถานที่ สถานะ
1. วิทยานิพนธ์
วิทยานิพนธ์
วจ.WY18 อ653ค  
  Barcode: 018231
ห้องสมุดวิทยาเขตสวรรค์ประชารักษ์
►วิจัย
บนชั้น

BibComment


ยังไม่เคยถูกคอมเมนท์

คอมเมนท์ทรัพยากรรายการนี้
  คอมเมนท์: ความคิดเห็นและควา..


 Copyright 2026. Bcnsprnw @Library